|
|
|
|
| LEADER |
01484nam a2200397 a 4500 |
| 001 |
EBC180705 |
| 003 |
MiAaPQ |
| 005 |
20200520144314.0 |
| 006 |
m o d | |
| 007 |
cr cn||||||||| |
| 008 |
020422s2002 enka sb 001 0 eng |
| 010 |
|
|
|z 2001048952
|
| 015 |
|
|
|a GBA2-28426
|
| 016 |
7 |
|
|a 041527009x
|2 Uk
|
| 020 |
|
|
|z 041527009X
|
| 035 |
|
|
|a (MiAaPQ)EBC180705
|
| 035 |
|
|
|a (Au-PeEL)EBL180705
|
| 035 |
|
|
|a (CaPaEBR)ebr5007461
|
| 035 |
|
|
|a (CaONFJC)MIL4582
|
| 035 |
|
|
|a (OCoLC)264412307
|
| 040 |
|
|
|a MiAaPQ
|c MiAaPQ
|d MiAaPQ
|
| 050 |
|
4 |
|a HD2755.5
|b .P665 2002
|
| 082 |
0 |
4 |
|a 658.514
|2 21
|
| 100 |
1 |
|
|a Porter, Tony,
|d 1953-
|
| 245 |
1 |
0 |
|a Technology, governance and political conflict in international industries
|h [electronic resource] /
|c Tony Porter.
|
| 260 |
|
|
|a London :
|b Routledge,
|c 2002.
|
| 300 |
|
|
|a xii, 195 p. :
|b ill.
|
| 490 |
1 |
|
|a Routledge advances in international political economy ;
|v 10
|
| 504 |
|
|
|a Includes bibliographical references and index.
|
| 533 |
|
|
|a Electronic reproduction. Ann Arbor, MI : ProQuest, 2015. Available via World Wide Web. Access may be limited to ProQuest affiliated libraries.
|
| 650 |
|
0 |
|a International business enterprises.
|
| 650 |
|
0 |
|a Technological innovations.
|
| 655 |
|
4 |
|a Electronic books.
|
| 710 |
2 |
|
|a ProQuest (Firm)
|
| 830 |
|
0 |
|a Routledge advances in international political economy ;
|v 10.
|
| 856 |
4 |
0 |
|u https://ebookcentral.proquest.com/lib/matrademy/detail.action?docID=180705
|z Click to View
|